00370nam a2200133Ia 4500008004100000041001200041082001600053100001700069245006800086260004000154300000800194650001900202700001500221221030s9999 xx 000 0 und d aEnglish a105.23bBin aJ. S. Bindra 2aA Text Book of Applied Mathematicscby J. S. Bindra, K. S. Gill bS.K Kataria & SonsaNew Delhic1999 a663 aBE Mathematics aK. S. Gill